Calcul des probabilités : avec un appendice sur la théorie de l'information /
Guardado en:
| Autor Principal: | |
|---|---|
| Formato: | Libro |
| Idioma: | French German |
| Publicado: |
Paris :
Dunod,
1966.
|
| Series: | Collection universitaire de mathématiques ;
21 |
| Materias: | |
| Etiquetas: |
Agregar Etiqueta
Sin Etiquetas, Sea el primero en etiquetar este registro!
|
| LEADER | 00886nam a22002535a 4500 | ||
|---|---|---|---|
| 001 | MAT.inmabb005206 | ||
| 008 | 840530s1966####fr#######b####001#0#fre## | ||
| 005 | 20130312093827.0 | ||
| 245 | 1 | 0 | |a Calcul des probabilités : |b avec un appendice sur la théorie de l'information / |c A. Rényi ; traduit par C. Bloch. |
| 260 | |a Paris : |b Dunod, |c 1966. | ||
| 300 | |a xiii, 620 p. ; |c 25 cm. | ||
| 440 | 0 | |a Collection universitaire de mathématiques ; |v 21 | |
| 500 | |a Traducción de: Wahrscheinlichkeitsrechnung. 1962. | ||
| 504 | |a Bibliografía: p. [599-612]. | ||
| 510 | 4 | |a MR, |c 34 #2034 | |
| 100 | 1 | |a Rényi, Alfréd. | |
| 240 | 1 | 0 | |a Wahrscheinlichkeitsrechnung. |l Francés |
| 650 | 0 | |a Probabilities. | |
| 650 | 0 | |a Information theory. | |
| 084 | |a 60-01 (94A15) |2 msc2000 | ||
| 010 | |a 67090875 | ||
| 040 | |a DLC/ICU |c ICU |d DLC | ||
| 041 | 1 | |a fre |h ger | |
| 859 | |h 60 |i R424 |p A-2613 |b BIB. MATEMATICA | ||
